| 000 | 00445nam a22001697a 4500 | ||
|---|---|---|---|
| 003 | NUST - PNEC | ||
| 005 | 20170116180944.0 | ||
| 008 | 150907b xxu||||| |||| 00| 0 eng d | ||
| 020 | _a0521353297 | ||
| 040 | _cLIBRARY | ||
| 082 | _a621.38153 ODE | ||
| 100 |
_98881 _aO'Dell, T. H |
||
| 245 |
_aElectronic circuit design : art and practice _c T. H. O'Dell |
||
| 260 | _cc.1988 | ||
| 650 |
_98880 _aMS Communication _xMScom |
||
| 942 |
_2ddc _cBK |
||
| 999 |
_c66243 _d66243 |
||